000 00453nam a2200169 a 4500
001 15066
003 CO-ViMGA
008 141112s2004 ck r 000 u spa d
040 _aCO-ViMGA
_bspa
_cCO-ViMGA
082 0 4 _a860.4 A515
100 1 _aAnónimo,
_93691
245 1 0 _aAnálisis literario de;Poema del Mio Cid
260 _aBogotá,
_cVoluntad 1991
300 _a79.p.
650 1 4 _aPOEMA DEL MIO CID - ANALISIS LITERARIO
_921897
942 _2ddc
_cBK
999 _c25492
_d25492